000 01924nam a2200241Ia 4500
003 Ost
005 20260507074935.0
008 260507s9999||||xx |||||||||||||| ||und||
020 _a9957181394
040 _cfsecg
041 _aara
082 _a657.8
100 _aجعفر، عبد الله نعمة
_eمؤلف
245 0 _aالنظم المحاسبية في البنوك وشركات التامين /
_c عبد الله نعمة جعفر
260 _aعمان:
_bدار المناهج,
_c2007
300 _a426 صفحة؛
_bإيضاحات ؛
_c24 سم
504 _aبيبليوغرافيا ص.425
520 _aيتناول الكتاب على : مقدمة ،محاسبة البنوك ،المحاسبة في البنوك التجارية مقدمة في البنوك التجارية ، خصائص النشاط المصرفي ، النظام المحاسبي في البنوك التجارية المحاسبة على عمليات البنك التجاري قسم الخزينة ، قسم الحسابات الجارية ، قسم المقاصة ، قسم الودائع ، قسم الاوراق التجارية ،قسم الاوراق المالية الاسهم والسندات ، قسم الكفالات المصرفية ، قسم الاعتمادات المستندية ، قسم بوالص التحصيل ، قسم الحولات والعملات الاجنبية قسم الحسابات العامة المحاسبة على شركات التأمين التأمين ، النظام المحاسبي لشركات التأمين ، عمليات قسم التأمين على الحياة ،عمليات قسم التأمينات العامة ، الحسابات الختامية والميزانية العمومية لشركات التأمين ، المراجع .
653 _aبنوك
653 _aشركات التامين
653 _aنظم محاسبية
942 _cكتاب
999 _c41886
_d41886